000 00872nam a2200181Ia 4500
008 100920s9999 xx 000 0 und d
082 _b86940
_a24 न 02
100 _aप्रसाद लक्ष्मण ,मिश्र विनोदकुमार.
245 _aसाधारण आविष्कारोें की असाधारण सफलताएं.
260 _bसूचना और प्रसारण मन्त्रालय, भारत सरकार.
_c2002
300 _a184
_bसाधी
365 _b65
520 _aसायो.
630 _aसाधारण आविष्कारोें की असाधारण सफलताएं.
650 _aसायो.
730 _aसाधारण आविष्कारोें की असाधारण सफलताएं.
942 _cBOOK
999 _c727450
_d727447